000
00362nam a2200133Ia 4500
008
100328s9999 xx 000 0 und d
082
_b
37438
100
_a
गोडबोले अशोक
245
_a
प्रतिशोध
260
_b
चैतन्य
630
_a
प्रतिशोध
730
_a
प्रतिशोध
942
_c
BOOK
999
_c
526865
_d
526862